| 000 | 01583nam a22002897a 4500 | ||
|---|---|---|---|
| 003 | OSt | ||
| 005 | 20260416143538.0 | ||
| 008 | 260414t2008 xxu||||| |||| 00| 0 spa d | ||
| 020 | _a9789505181315 | ||
| 040 |
_aUnicoc _bspa _c00001 _d00001 |
||
| 082 | _a150.195 | ||
| 100 |
_912027 _aBleichmar, Silvia |
||
| 245 |
_aEn los orígenes del sujeto psíquico _b: Del mito a la historia _c/ Silvia Bleichmar |
||
| 250 | _a2 Ed. | ||
| 260 |
_aArgentina : _bAmorrortu , _c2008 |
||
| 300 |
_a116 páginas _bDiagramas |
||
| 440 |
_94683 _a(Biblioteca de psicología y psicoanálisis) |
||
| 505 |
_t1. El concepto de neurosis en la infancia a partir de la represión originaria. -- _t2. Notas para el abordaje de la constitución de la inteligencia en psicoanálisis. -- _t3. Mito o historia en los orígenes del aparato psíquico. -- _t4. Notas sobre la memoria y la curiosidad intelectual. -- _t5. Frases de los niños, estructura del aparato psíquico. -- _t6. Trastornos del lenguaje. Trastornos en la constitución del sujeto psíquico. -- _t7. Relaciones entre la represión originaria y el principio de realidad. -- _t8. Del lado de la madre. |
||
| 526 | _5Unicoc | ||
| 546 | _aEspañol | ||
| 650 | 0 |
_910056 _aPsicoanálisis |
|
| 650 | 0 |
_98192 _aPsicología infantil |
|
| 650 | 0 |
_912942 _aPsicoanálisis del niño |
|
| 658 | 0 |
_910741 _aPrograma de Psicología |
|
| 856 |
_yAcceso online exclusivo para comunidad Unicoc. _uhttps://unicoceduco-my.sharepoint.com/:b:/g/personal/direccionbiblioteca_unicoc_edu_co/IQBOmRI5XcuQS5ZYVICr8AuhARrl7ul0uPpoMNUhkeCzj0I |
||
| 942 |
_2ddc _cEBOOK |
||
| 999 |
_c10847 _d10847 |
||